000 00685nam a2200217Ii 4500
003 JO-AjNU
008 230605s9999||||xx |||||||||||||| ||und||
017 _a2007/6/1755
040 _aJO-AjNU
_bara
_erda
_cJO-AjNU
041 _aara
050 1 4 _a PJ 7862.A7316 D58 2007
100 3 _aالسرحان، زايد فلاح القويماني,
_eauthor
_915188
245 0 0 _aديوان الهدلى: شعر نبطي
250 _aط1
264 3 1 _aعمان: دار البشير، 2007
300 _a177ص
336 _atext
_btxt
_2rdacontent
337 _aunmediated
_bn
_2rdamedia
338 _avolume
_bnc
_2rdacarrier
650 4 _aالشعر العربي - شعر نبطي
_915189
999 _aA4230
_c7798
_d7798